The beginnings of strategic air power : a history of the British bomber force, 1923-1939 /

Bibliographic Details
Main Author: Jones, Neville
Format: Book
Language:English
Published: London, England : F. Cass ; 1987.
Subjects:

MARC

Tag First Indicator Second Indicator Subfields
LEADER 00000cam a2200000 a 4500
001 in00000031083
005 20151007054945.0
008 861201s1987 enkacf b 00110 eng
010 |a  86032644  
020 |a 0714633070 :  |c £30.00 
035 |a (OCoLC)15018692 
035 |9 AAB6759AM 
040 |a DLC  |c DLC  |d TXA  |d UtOrBLW 
043 |a e-uk--- 
049 |a TXAM  |c [A11504608] 
050 0 0 |a UG635.G7  |b J55 1987 
082 0 |a 358.4/00941  |2 19 
100 1 |a Jones, Neville. 
245 1 4 |a The beginnings of strategic air power :  |b a history of the British bomber force, 1923-1939 /  |c Neville Jones. 
264 1 |a London, England :  |b F. Cass ;  |c 1987. 
264 2 |a Totowa, N.J. :  |b Biblio Distribution Centre [distributor], 
300 |a xxv, 192 pages, 13 unnumbered pages of plates :  |b illustrations, portraits ;  |c 24 cm. 
336 |a text  |b txt  |2 rdacontent 
337 |a unmediated  |b n  |2 rdamedia 
338 |a volume  |b nc  |2 rdacarrier 
504 |a Bibliography: pages [185]-186. 
500 |a Includes index. 
610 1 0 |a Great Britain.  |b Royal Air Force  |x History. 
650 0 |a Strategic forces  |z Great Britain  |x History. 
650 0 |a Bombers  |z Great Britain  |x History. 
650 0 |a Bombing, Aerial  |z Great Britain  |x History. 
740 0 |a Strategic air power. 
999 |a MARS 
999 f f |s a689297b-6c7c-36b0-a8fa-1b762a653b2b  |i 54510240-f2fd-3fe3-85f5-8b09b1ac080d  |t 0 
952 f f |p normal  |a Texas A&M University  |b College Station  |c Sterling C. Evans Library  |d Evans: Library Stacks  |t 0  |e UG635.G7 J55 1987  |h Library of Congress classification  |i unmediated -- volume  |m A14811504608 
998 f f |a UG635.G7 J55 1987  |t 0  |l Evans: Library Stacks